000 00798cam a2200241 i 4500
999 _c2123
_d2123
003 OSt
005 20220401083328.0
008 780815s1978 nyua b 001 0 eng
020 _a0808911198
040 _cDLC
050 0 0 _aRG580
_b.H38 1978
100 1 _aHathaway, William E.
_d1929-
245 1 0 _aPerinatal coagulation /
_cWilliam E. Hathaway, John Bonnar.
260 _aNew York :
_bGrune & Stratton,
_cc1978.
300 _axv, 235 p. :
_bill. ;
_c24 cm.
440 0 _aMonographs in neonatology
504 _aIncludes bibliographical references and index.
650 0 _aBlood coagulation disorders in pregnancy.
650 0 _aBlood coagulation disorders in infants.
700 1 _aBonnar, John,
_ejoint author.
906 _a7
_bcbc
_corignew
_d1
_eocip
_f19
_gy-gencatlg
942 _2lcc
_cBK
_nSO